Elvis Presley Blue Christmas Lyrics Quiz Stats

 Plays Quiz not verified by Sporcle

Score 0/67 Timer 04:00
0 Plays Today
% Correct
blue
96.9%
blue
96.9%
blue
96.9%
blue
96.9%
blue
96.9%
blue
96.9%
blue
96.9%
blue
96.9%
Christmas
95.8%
Christmas
95.8%
Christmas
95.6%
Christmas
95.6%
I'll
94.8%
you
94.8%
I'll
94.8%
you
94.8%
I'll
94.8%
have
94.5%
have
94.5%
a
94%
a
94%
the
94%
and
94%
a
94%
with
93.6%
with
93.6%
be
91%
be
91%
be
91%
without
90.9%
so
87.7%
thinking
81%
about
80.1%
just
80%
% Correct
your
79.5%
of
78.8%
of
78.8%
me
78.6%
tree
78.3%
green
77.9%
on
75.8%
white
75.3%
red
75.1%
here
73.5%
not
73.1%
Decorations
72.3%
if
72.2%
when
70.8%
when
70.8%
you're
69%
start
68.4%
start
68.4%
same
68.2%
Won't
67.1%
but
66.5%
those
64.9%
those
64.9%
You'll
64%
falling
63.8%
doin
61.8%
snowflakes
60.6%
dear
60.5%
all
60.5%
right
59.6%
calling
57.7%
That's
48.2%
memories
45.6%

You're not logged in!

Compare scores with friends on all Sporcle quizzes.
OR
Log In

You Might Also Like...

Show Comments

Extras

Top Quizzes Today


Score Distribution

Your Account Isn't Verified!

In order to create a playlist on Sporcle, you need to verify the email address you used during registration. Go to your Sporcle Settings to finish the process.

Report this User

Report this user for behavior that violates our Community Guidelines.

Details: